Institutions et gens de finances en Franche-Comté : (notice nᵒ 11676)
[ vue normale ]
| 000 -LEADER | |
|---|---|
| fixed length control field | 02842 a2200337 4500 |
| 001 - CONTROL NUMBER | |
| control field | OB-pufc-3061 |
| 003 - CONTROL NUMBER IDENTIFIER | |
| control field | FrMaCLE |
| 005 - DATE AND TIME OF LATEST TRANSACTION | |
| control field | 20251214082752.0 |
| 007 - PHYSICAL DESCRIPTION FIXED FIELD--GENERAL INFORMATION | |
| fixed length control field | cu ||||||m|||| |
| 008 - FIXED-LENGTH DATA ELEMENTS--GENERAL INFORMATION | |
| fixed length control field | 191218e||||||||xx |||||s|||||||||0|fr|d |
| 020 ## - INTERNATIONAL STANDARD BOOK NUMBER | |
| International Standard Book Number | 978-2-84867-709-5 |
| 024 7# - OTHER STANDARD IDENTIFIER | |
| Standard number or code | 10.4000/books.pufc.3061 |
| Source of number or code | doi |
| 040 ## - CATALOGING SOURCE | |
| Original cataloging agency | FR-FrMaCLE |
| 041 ## - LANGUAGE CODE | |
| Language code of text/sound track or separate title | fra |
| 100 1# - MAIN ENTRY--PERSONAL NAME | |
| Personal name | Humbert, Roger |
| 245 10 - TITLE STATEMENT | |
| Title | Institutions et gens de finances en Franche-Comté : |
| Remainder of title | 1674-1790 / |
| Statement of responsibility, etc. | Roger Humbert. |
| 260 ## - PUBLICATION, DISTRIBUTION, ETC. | |
| Place of publication, distribution, etc. | Besançon : |
| Name of publisher, distributor, etc. | Presses universitaires de Franche-Comté, |
| Date of publication, distribution, etc. | 2019. |
| 300 ## - PHYSICAL DESCRIPTION | |
| Extent | 467 p. |
| 500 ## - GENERAL NOTE | |
| General note | Ebook |
| 520 ## - SUMMARY, ETC. | |
| Summary, etc. | Les institutions financières de la Franche-Comté s’alignent pour l’essentiel sur celles du reste du royaume, et subissent les aléas de l’évolution générale : crise financière quasi-permanente, multiplication et accroissement des impositions. Le début de la souveraineté française est marqué par l’introduction de la vénalité des offices ; immédiate pour le receveur général des finances, un avocat au Parlement de Dijon, Pierre- François Durey, dont les héritiers se succéderont jusqu’en 1765. Les offices de receveurs particuliers des finances créés en 1692 sont moins rapidement pourvus, la plupart par des notables locaux : les Lyautey à Vesoul, les Vaudrimey à Gray, les Cattand et les Mollard à Saint-Claude, les Le Bœuf à Pontarlier, les Pajot à Lons-le-Saunier. Les fonctions sont soumises à la rigueur du régime de la responsabilité des comptables de deniers royaux établie par Colbert, et certains y laissent leurs biens et parfois leur liberté. Dès 1674, les salines de Salins sont intégrées dans le bail de l’adjudicataire général des fermes royales, mais en préservant les privilèges des Comtois quant à la distribution du sel. La ferme générale doit recourir à divers procédés d’administration – affermage, régie, gestion directe – pour assurer les besoins de la population comtoise et celle des Cantons suisses, notamment en créant les salines de Montmorot et Arc-et-Senans. La Chambre des comptes, fixée à Dole en 1562, est confirmée en 1692 mais supprimée en 1771. La création consécutive d’un Bureau des finances à Besançon se signale par l’abandon de la vénalité et la réunion dans une même instance de personnalités issues de juridictions telles que la Chambre des comptes et le Parlement. |
| 540 ## - TERMS GOVERNING USE AND REPRODUCTION NOTE | |
| Terms governing use and reproduction | OpenEdition Books License |
| Uniform Resource Identifier | <a href="https://www.openedition.org/12554">https://www.openedition.org/12554</a> |
| 650 #4 - SUBJECT ADDED ENTRY--TOPICAL TERM | |
| Topical term or geographic name entry element | History |
| Topical term or geographic name entry element | Ancien Régime |
| Topical term or geographic name entry element | organisation financière |
| Topical term or geographic name entry element | chambre des comptes |
| Topical term or geographic name entry element | institution |
| Topical term or geographic name entry element | finance |
| 760 0# - MAIN SERIES ENTRY | |
| International Standard Serial Number | 2967-8137 |
| 776 ## - ADDITIONAL PHYSICAL FORM ENTRY | |
| International Standard Book Number | 978-2-251-60605-7 |
| 856 4# - ELECTRONIC LOCATION AND ACCESS | |
| Data provenance | Humbert, Roger |
| Uniform Resource Identifier | <a href="https://books.openedition.org/pufc/3061">https://books.openedition.org/pufc/3061</a> |
| Link text | Institutions et gens de finances en Franche-Comté |
Pas d'exemplaire disponible.
